000 00502nam a2200193Ia 4500
005 20250425162744.0
008 250425s9999 xx 000 0 und d
020 _a0916647021
041 _aeng
082 _a622.3382
100 _aBROCK, JIM
245 0 _aANALYZING YOUR LOGS: VOLUME II (ADVANCED OPEN HOLE LOG INTERPRETATION)
250 _a1ST ED.
260 _aEstados Unidos
_bPETROMEDIA
_c1984
260 _aNEW YORK
650 _aINGENIERIA PETROLERA
942 _c01
010 _a105743
999 _c235766
_d235766